List of works in the New York Public Library relating to Arabia and the Arabs / (Record no. 110423)

MARC details
000 -LEADER
campo de control de longitud fija 01304cam a2200325Ia 4500
001 - NÚMERO DE CONTROL
campo de control 50342
005 - FECHA Y HORA DE LA ÚLTIMA TRANSACCIÓN
campo de control 20230411090002.0
008 - DATOS DE LONGITUD FIJA--INFORMACIÓN GENERAL
campo de control de longitud fija 040225r19991911ctu bc 000 0 eng
035 ## - NÚMERO DE CONTROL DEL SISTEMA
Número de control de sistema (OCoLC)ocm54481438
040 ## - FUENTE DE CATALOGACIÓN
Centro catalogador/agencia de origen DLM
Centro/agencia transcriptor DLM
Centro/agencia modificador OCLCQ
020 ## - NÚMERO INTERNACIONAL ESTÁNDAR DEL LIBRO
Número Internacional Estándar del Libro 1578982782
020 ## - NÚMERO INTERNACIONAL ESTÁNDAR DEL LIBRO
Número Internacional Estándar del Libro 9781578982783
035 ## - NÚMERO DE CONTROL DEL SISTEMA
Número de control de sistema (OCoLC)54481438
043 ## - CÓDIGO DE ÁREA GEOGRÁFICA
Código de área geográfica ar-----
090 ## - LOCALMENTE ASIGNADO TIPO-LC NÚMERO DE CLASIFICACIÓN (OCLC); NÚMERO DE CLASIFICACIÓN LOCAL (RLIN)
Número de clasificación (OCLC) (R) ; Numero de clasificación, CALL (RLIN) (NR) Z3026.A6
Número cutter local (OCLC) ; Número de libro/Signatura topográfica íntegra, CALL (RLIN) N45x 1999
049 ## - FONDOS LOCALES (OCLC)
Biblioteca depositaria GRAL
110 2# - ENTRADA PRINCIPAL--NOMBRE DE ENTIDAD CORPORATIVA
Nombre de entidad corporativa o nombre de jurisdicción como elemento de entrada New York Public Library.
245 10 - MENCIÓN DEL TÍTULO
Título List of works in the New York Public Library relating to Arabia and the Arabs /
Mención de responsabilidad, etc. compiled by the staff of the New York Public Library.
246 18 - FORMA VARIANTE DEL TITULO
Título propio/Titulo breve List of works relating to Arabia and the Arabs
260 ## - PUBLICACIÓN, DISTRIBUCIÓN, ETC.
Lugar de publicación, distribución, etc. Mansfield Centre, CT :
Nombre del editor, distribuidor, etc. Martino Pub.,
Fecha de publicación, distribución, etc. [1999?]
300 ## - DESCRIPCIÓN FÍSICA
Extensión 198 p. ;
Dimensiones 23 cm.
500 ## - NOTA GENERAL
Nota general Reprint. Originally published: New York : New York Public Library, 1911. (Bulletin of the New York Public Library, vol. XV, no. 1.).
500 ## - NOTA GENERAL
Nota general "This work is a facsimile edition of List of works in the New York Public Library relating to Arabia and the Arabs ..."--T.p. verso.
610 20 - PUNTO DE ACCESO ADICIONAL DE MATERIA--NOMBRE DE ENTIDAD CORPORATIVA
Nombre de entidad corporativa o nombre de jurisdicción como elemento de entrada New York Public Library
Subdivisión de forma Catalogs.
651 #0 - PUNTO DE ACCESO ADICIONAL DE MATERIA--NOMBRE GEOGRÁFICO
Nombre geográfico Arabian Peninsula
Subdivisión de forma Bibliography.
650 #0 - PUNTO DE ACCESO ADICIONAL DE MATERIA--TÉRMINO DE MATERIA
Término de materia o nombre geográfico como elemento de entrada Arabs
Subdivisión de forma Bibliography.
830 #0 - PUNTO DE ACCESO ADICIONAL DE SERIE-TÍTULO UNIFORME
Título uniforme Bulletin of the New York Public Library ;
Designación de volumen o secuencia v. 15,
Número de parte o sección de la obra no. 1.
942 ## - ELEMENTOS DE ENTRADA SECUNDARIOS (KOHA)
Fuente del sistema de clasificación o colocación Clasificación de Library of Congress
Tipo de ítem Koha
994 ## -
-- C0
-- DRFGD
Holdings
Estatus retirado Estado de pérdida Fuente del sistema de clasificación o colocación Estado de daño No para préstamo Colección Biblioteca de origen Biblioteca actual Ubicación en estantería Fecha de adquisición Código de barras Visto por última vez Copia número Tipo de ítem Koha
    Clasificación de Library of Congress     Automatización y Procesos Técnicos Biblioteca Juan Bosch Biblioteca Juan Bosch Automatización y Procesos Técnicos (1er. Piso) 11/04/2023 00000052017 17/02/2019 1